Ekonomika v 11 jazycích čeština, němčina, angličtina, francouzština, italština, španělština, portugalština, holandština, švédština, polština, maďarština

Guardado en:
Detalles Bibliográficos
Otros Autores: Břenková, Magdalena
Formato: Libro
Lenguaje:lenguas múltiples
Publicado: Praha Grada Publishing 2003
Materias:
Etiquetas: Agregar Etiqueta
Sin Etiquetas, Sea el primero en etiquetar este registro!

MARC

LEADER 00000nam$a2200000$$$4500
001 0005276
005 20240315114431.7
020 |a 80-247-0778-0 
041 0 |a mul 
044 |a CZ 
245 1 0 |a Ekonomika v 11 jazycích  |b čeština, němčina, angličtina, francouzština, italština, španělština, portugalština, holandština, švédština, polština, maďarština  |c odpovědný redaktor: Magdalena Břenková 
264 1 |a Praha  |b Grada Publishing  |c 2003 
300 |a 1135 s. 
610 2 0 |a jazykoveda 
610 2 0 |a jazyky cudzie 
610 2 0 |a terminológia 
610 2 0 |a ekonómia 
700 1 |a Břenková, Magdalena